Ben- Hur (Record no. 21132)

MARC details
000 -LEADER
fixed length control field 02150nam a22003977a 4500
003 - CONTROL NUMBER IDENTIFIER
control field dpl
005 - DATE AND TIME OF LATEST TRANSACTION
control field 20090116145511.0
007 - PHYSICAL DESCRIPTION FIXED FIELD--GENERAL INFORMATION
fixed length control field DVD
008 - FIXED-LENGTH DATA ELEMENTS--GENERAL INFORMATION
fixed length control field 050907s2005 cau105 g 00| 0 eng d
010 ## - LIBRARY OF CONGRESS CONTROL NUMBER
LC control number DVD-001571-1573
024 ## - OTHER STANDARD IDENTIFIER
Standard number or code 7.02.4.01.066.08
Terms of availability 599.00
035 ## - SYSTEM CONTROL NUMBER
System control number DVD-001571-1573
040 ## - CATALOGING SOURCE
Original cataloging agency DPL
Transcribing agency DPL
092 ## - LOCALLY ASSIGNED DEWEY CALL NUMBER (OCLC)
Classification number DVD / BENH
245 ## - TITLE STATEMENT
Title Ben- Hur
Medium [videorecording] DVD /
Statement of responsibility, etc Big Home Video Presents
260 ## - PUBLICATION, DISTRIBUTION, ETC. (IMPRINT)
Name of publisher, distributor, etc Big Home Video
300 ## - PHYSICAL DESCRIPTION
Extent 2 videocassette DVD; (214 min.) ;
Other physical details sd., col. ;
Dimensions 4-3/4 in.
Type of unit DVD
440 ## - SERIES STATEMENT/ADDED ENTRY--TITLE
Title Big Home Video
500 ## - GENERAL NOTE
General note Winner of 11 Academy Awards Including Best Picture 1959
508 ## - CREATION/PRODUCTION CREDITS NOTE
Creation/production credits note Director of photography, Oliver Wood ; art directors, Shepherd Frankel, Don Macaulay ; editor, William Hoy ; music, Miri Ben-Ari, John Ottman ; costume designer, Jose Fernandez, Wendy Partridge ; production designer, Bill Boes ; visual effects supervisors
538 ## - SYSTEM DETAILS NOTE
System details note Dolby digital 5.1, English, French, Italian, German, Cast, Spanish Subtitles in English , Dutch, French, German, Italian, Cast. Spanish
538 ## - SYSTEM DETAILS NOTE
System details note PAL 3.5, English, Hindi, Thai Subtitles in Hindi, Thai
538 ## - SYSTEM DETAILS NOTE
System details note Aspect Ratio 1:78.1,Presentation Type: Wide Screen, Presentation Size: 16x9, Format: DVD 9 Dual Layer Single Sided Disc. Layer Transition may trigger a slight pause.
650 ## - SUBJECT ADDED ENTRY--TOPICAL TERM
Topical term or geographic name as entry element Motion Picture
700 ## - ADDED ENTRY--PERSONAL NAME
Personal name Wyler, William
700 ## - ADDED ENTRY--PERSONAL NAME
Personal name Heston, Charlton
700 ## - ADDED ENTRY--PERSONAL NAME
Personal name Hawkins, Jack
700 ## - ADDED ENTRY--PERSONAL NAME
Personal name Harareet, Haya
700 ## - ADDED ENTRY--PERSONAL NAME
Personal name Boyd, Stephen
700 ## - ADDED ENTRY--PERSONAL NAME
Personal name Griffith, Hugh
942 ## - ADDED ENTRY ELEMENTS (KOHA)
Koha item type CD-ROMs, DVDs, VHS
Source of classification or shelving scheme Dewey Decimal Classification
Classification part DVD
Call number suffix BENH
Holdings
Withdrawn status Lost status Source of classification or shelving scheme Damaged status Not for loan Home library Current library Date acquired Source of acquisition Cost, normal purchase price Total Checkouts Full call number Barcode Date last seen Date checked out Copy number Cost, replacement price Price effective from Koha item type Total Renewals
    Dewey Decimal Classification     Central Library Central Library 16/01/2009 Purchase 599.00 21 DVD BENH DVD-001571 15/04/2014 29/03/2014 1 599.00 16/01/2009 CD-ROMs, DVDs, VHS  
    Dewey Decimal Classification     Patel Nagar Patel Nagar 16/01/2009 Purchase 599.00 20 DVD BENH DVD-001573 28/09/2013 19/09/2013 1 599.00 16/01/2009 CD-ROMs, DVDs, VHS  
    Dewey Decimal Classification     Sarojini Nagar Sarojini Nagar 16/01/2009 Purchase 599.00 24 DVD BENH DVD-001572 10/05/2016 09/05/2016 1 599.00 16/01/2009 CD-ROMs, DVDs, VHS 1

© Delhi Public Library
Hit Counter
free hit counter